| 000 | 01102cam a2200265 4500 | ||
|---|---|---|---|
| 002 | ##422 | ||
| 008 | 090401t1991 xxu||||| |||| 00| 0 eng d | ||
| 020 | _a0854064982 | ||
| 035 | _a(Sirsi) u53367 | ||
| 041 | 0 | _aeng | |
| 050 | 0 | 4 | _a711.1 $2 18 |
| 090 | _aRICS 1991/52ABCD | ||
| 110 | 2 |
_aRoyal Institution of Chartered Surveyors _bPlanning and Development Division _9956 |
|
| 245 | 0 | 0 | _aDevelopment briefs |
| 250 | _a2nd | ||
| 260 |
_aLondon _bRICS _c1991 |
||
| 300 |
_a7p. _c30cm |
||
| 490 | 0 |
_aRICS Planning and Development Guidance Note _v11 |
|
| 520 | _aAims to help non-expert practitioner with planning procedure, providing accurate information in a simple, jargon free style. Helps to identify the most appropriate type of brief to be supplied to the parties and the information that should be included. | ||
| 520 | _aWithdrawn 1 August 2006. Supersedes first edition "Development briefs : their preparation and use in land disposal and partnership" (D15308). | ||
| 651 | 4 |
_aEngland and Wales _y1543- |
|
| 690 |
_aPlanning and development _96259 |
||
| 942 | _n0 | ||
| 948 | _c04/03/1997 | ||
| 999 |
_c93258 _d93258 |
||